|
|
|
|
| LEADER |
00000nam a2200000 a 4500 |
| 001 |
vtls008771799 |
| 003 |
SK-MaSNL |
| 005 |
20260302075141.0 |
| 008 |
240318s2006 xo l d p 000 0 lat |
| 015 |
|
|
|a SNBA2006/06-03313
|
| 020 |
|
|
|a 8089220258
|q (brož.)
|
| 035 |
|
|
|a 64FF2E01-9604-4D87-A159-D635221D141C
|
| 035 |
|
|
|a urn:nbn:sk:snk-amlv00
|
| 035 |
|
|
|a urn:nbn:sk:snk-am00ccb3
|
| 040 |
|
|
|a SNK
|b slo
|c SNK
|e AACR2
|
| 041 |
0 |
|
|a slo
|a lat
|
| 044 |
|
|
|a xo
|c SK
|
| 072 |
|
7 |
|a 811.124
|x Latinčina
|2 konspekt
|
| 072 |
|
7 |
|a 37.016
|x Učebné osnovy. Vyučovacie predmety. Učebnice
|2 konspekt
|
| 080 |
|
|
|a 93/94
|2 2001
|
| 080 |
|
|
|a 81`373.46
|2 2001
|
| 080 |
|
|
|a (075.8)
|2 2001
|
| 080 |
|
|
|a 811.124
|2 2001
|
| 100 |
1 |
|
|a Juričková, Eva
|4 aut
|9 465031
|
| 245 |
1 |
0 |
|a Latinský jazyk pre historikov
|c Eva Juríčková
|
| 250 |
|
|
|a 1. vyd.
|
| 260 |
|
|
|a Trnava
|b Univerzita sv. Cyrila a Metoda
|c 2006
|
| 300 |
|
|
|a 145 s.
|b tab.
|c 30 cm
|
| 366 |
|
|
|e 200 výtl.
|
| 504 |
|
|
|a Bibliogr. s. 8. Slovníček. Základné odborné výrazy a ich skrat.
|
| 650 |
0 |
7 |
|a latinčina
|2 SNKPH
|9 3501
|
| 650 |
0 |
7 |
|a dejiny
|2 SNKPH
|9 3825
|
| 650 |
0 |
7 |
|a odborná terminológia
|2 SNKPH
|9 3616
|
| 655 |
|
7 |
|a učebnice vysokých škôl
|2 SNKPH
|9 70191
|
| 919 |
|
|
|a 80-89220-25-8
|
| 958 |
|
|
|a OND
|
| 999 |
|
|
|c 1168115
|d 1170045
|
| 952 |
|
|
|a SNK
|b SNK
|y PREZ
|7 0
|p 17A0513161
|o snkSB 72408
|i snk2006/11636
|8 0
|0 0
|1 0
|4 0
|d 2006-06-09
|f 1
|l 0
|r 2025-04-25 00:00:00
|w 2026-02-24
|
| 952 |
|
|
|a SNK
|b SNK
|y VYP
|7 0
|p 17A0513162
|o snkSB 72408 D1
|i snk2006/11637
|8 0
|0 0
|1 0
|4 0
|d 2006-06-09
|l 0
|r 2016-06-30 00:00:00
|w 2026-02-24
|